000 00467nam a2200193Ia 4500
005 20240823012509.0
008 240823s9999||||xx |||||||||||||| ||und||
020 _a0-07-46321-5
041 _aENGLISH
082 _A621.4022 N7
100 _a"Kern,Donald Q"
245 0 _aProcess Heat Transfer
250 _a1st
260 _c2002
_b"TMH,New "
_aNew Delhi
500 _aTRANSFERED
650 _aHeat
_bAeronautical Engineering
942 _cBK
999 _c164562
_d164562